Dosahovanie strategických cieľov agendy 2030 v oblasti inovácií
Gespeichert in:
| 1. Verfasser: | |
|---|---|
| Format: | Buchkapitel |
| Sprache: | Slowakisch |
| Schlagworte: | |
| Tags: |
Keine Tags, Fügen Sie das erste Tag hinzu!
|
MARC
| LEADER | 00000naa a2200000 4500 | ||
|---|---|---|---|
| 001 | 0292012 | ||
| 005 | 20240502074500.1 | ||
| 041 | 0 | |a slo | |
| 044 | |a SK | ||
| 245 | 1 | 0 | |a Dosahovanie strategických cieľov agendy 2030 v oblasti inovácií |c Klaudia Šoltésová |
| 500 | |a Abstrakt | ||
| 610 | 2 | 0 | |a inovácie technologické |
| 610 | 2 | 0 | |a rozvoj hospodársky |
| 610 | 2 | 0 | |a udržateľnosť |
| 610 | 2 | 0 | |a inovácie sociálne |
| 610 | 2 | 0 | |a inovácie environmentálne |
| 610 | 2 | 0 | |a patenty |
| 610 | 2 | 0 | |a výskum |
| 610 | 2 | 0 | |a vývoj |
| 100 | 1 | |a Šoltésová, Klaudia, 1995- | |